000 00698cam a2200181 4500
001 WB3841-02
008 021107n2002 000 0 eng u
035 _a(Sirsi) u120392
245 _aHousebuilding statistics: September 2002
260 _c2002
490 _aODPM Statistical Release
_v (HB-11) 07 November 2002, (2)
520 _aODPM has released statistics outlining housebuilding figures, estimating 16 900 dwellings were started in GB compared with 15 400 in September 2001. Statistics show an upward trend for most categories. www.odpm.gov.uk/news/0211/hb-11.htm
590 _aWB
650 _aSTATISTICS
650 _aHOUSE BUILDING
690 _aBUILT ENVIRONMENT
942 _n0
999 _c71541
_d71541